Vở bài tập Tiếng Việt 5 Tập 1
v.v...
Đã lưu trong:
| Tác giả chính: | |
|---|---|
| Định dạng: | Sách |
| Năm xuất bản: |
H.
Giáo dục
2005
|
| Chủ đề: | |
| Tags: |
Thêm thẻ
Không có thẻ, Hãy là người đầu tiên gắn thẻ bản ghi này!
|
| LEADER | 01454nam a2200229 4500 | ||
|---|---|---|---|
| 999 | |c 11212 |d 11212 | ||
| 082 | |a 372.6 |b V360b. | ||
| 100 | |a Nguyễn Minh Thuyết chủ biên | ||
| 245 | |a Vở bài tập Tiếng Việt 5 |c Nguyễn Minh Thuyết chủ biên, Hoàng Hòa Bình, Trần Mạnh Hưởng,... |n Tập 1 | ||
| 260 | |a H. |b Giáo dục |c 2005 | ||
| 300 | |a 136 tr. |c 24 cm. | ||
| 520 | |a v.v... | ||
| 653 | |a Giáo dục tiểu học | ||
| 653 | |a Ngôn ngữ | ||
| 653 | |a Tiếng Việt | ||
| 653 | |a Bài tập | ||
| 942 | |2 ddc |c STK0 | ||
| 952 | |0 0 |1 0 |2 ddc |4 0 |6 372_600000000000000 |7 0 |8 300 |9 96156 |a qbu |b qbu |c D2 |d 2015-09-30 |g 6000 |o 372.6 |p 10974.c1 |w 2015-09-30 |y STK0 |0 0 |6 372_600000000000000 |0 0 |6 495_922076000000000_V360B | ||
| 952 | |0 0 |1 0 |2 ddc |4 0 |6 372_600000000000000 |7 0 |8 300 |9 96157 |a qbu |b qbu |c D2 |d 2015-09-30 |g 6000 |o 372.6 |p 10974.c2 |w 2015-09-30 |y STK0 |0 0 |6 372_600000000000000 |0 0 |6 495_922076000000000_V360B | ||
| 952 | |0 0 |1 0 |2 ddc |4 0 |6 372_600000000000000 |7 0 |8 300 |9 96158 |a qbu |b qbu |c D2 |d 2015-09-30 |g 6000 |o 372.6 |p 10974.c3 |w 2015-09-30 |y STK0 |0 0 |6 372_600000000000000 |0 0 |6 495_922076000000000_V360B | ||
| 952 | |0 0 |1 0 |2 ddc |4 0 |6 372_600000000000000 |7 0 |8 300 |9 96159 |a qbu |b qbu |c D2 |d 2015-09-30 |g 6000 |o 372.6 |p 10974.c4 |w 2015-09-30 |y STK0 |0 0 |6 372_600000000000000 |0 0 |6 495_922076000000000_V360B | ||
| 952 | |0 0 |1 0 |2 ddc |4 0 |6 372_600000000000000 |7 0 |8 300 |9 96160 |a qbu |b qbu |c D2 |d 2015-09-30 |g 6000 |o 372.6 |p 10974.c5 |w 2015-09-30 |y STK0 |0 0 |6 372_600000000000000 |0 0 |6 495_922076000000000_V360B | ||